| 000 | 00698nam a2200217 i 4500 | ||
|---|---|---|---|
| 001 | 146752 | ||
| 003 | ES-MaACL | ||
| 005 | 20260511145842.0 | ||
| 007 | t| | ||
| 008 | 070917s1959 sp ||||1| spa d | ||
| 100 |
_aTroyat, Henri, _d1911-2007 _9233580 |
||
| 245 | 1 | 0 |
_aObras / _cHenri Troyat ; ilustraciones de Lorenzo Goñi ; [prefacio de Mariano Orta]. |
| 260 |
_aBarcelona : _bCaralt, _c[1959] |
||
| 300 |
_a2 v. : _bil. ; _c21 cm. |
||
| 490 | 1 | _aObras maestras ilustradas | |
| 700 | 1 |
_aGoñi, Lorenzo, _d1911-1992 _959083 |
|
| 700 | 1 |
_aOrta Manzano, Mariano. _987384 |
|
| 830 | 0 |
_aObras maestras ilustradas _9186835 |
|
| 852 |
_aES-MaACL _jE-3623-4 _bR.44430 |
||
| 999 |
_c146752 _d146752 |
||